000
00286nam a22001217a 4500
082
_a
621.402
_b
THO/TH
100
_a
Thomas M R
100
_a
Sagir C K M
245
_a
Thermal Engineering
260
_a
Ernakulam
_b
M & C Publishers and Distributors
_c
2011
300
_a
589
942
_c
BK
999
_c
14033
_d
14033